00779cam a22002291 4500001001300000003000400013005001700017008004100034010001700075035001900092040005800111042001200169050002100181110004600202245008200248260004300330300002400373500006800397500002800465650003900493999001700532war14000118 DLC20260227112810.0820408s1914 dcua f000 0 eng c awar14000118  a(OCoLC)8319984 aLibrary, War College Div. General StaffcPCarlMHdDLC apremarc00aUH473b.A35 19141 aUnited States.bSurgeon-General's Office.00aRegulations for the government of United States army general hospitals, 1914. aWashington,bGovt. print. off.,c1914. a41 p.btab.c15 cm. aAt head of t.p.: War department, Office of the surgeon general. aWar dept. doc. no. 471. 0aMilitary hospitalszUnited States. c92237d92237